Before Columbus : (Record no. 2746)

MARC details
000 -LEADER
fixed length control field 01425cam a2200325 a 4500
005 - DATE AND TIME OF LATEST TRANSACTION
control field 20240112100527.0
020 ## - INTERNATIONAL STANDARD BOOK NUMBER
International Standard Book Number 9781416949008 (reinforced) :
Terms of availability $24.99
020 ## - INTERNATIONAL STANDARD BOOK NUMBER
International Standard Book Number 1416949003 (reinforced) :
Terms of availability $24.99
040 ## - CATALOGING SOURCE
Original cataloging agency DLC
Transcribing agency DLC
Modifying agency BTCTA
-- OCO
-- TEF
-- VP@
-- YBM
-- DLC
Language of cataloging eng
050 00 - LIBRARY OF CONGRESS CALL NUMBER
Classification number E61
Item number .M267 2009
082 00 - DEWEY DECIMAL CLASSIFICATION NUMBER
Classification number 970.01
Edition number 22
100 1# - MAIN ENTRY--PERSONAL NAME
Personal name Mann, Charles C.
245 10 - TITLE STATEMENT
Title Before Columbus :
Remainder of title the Americas of 1491 /
Statement of responsibility, etc. Charles C. Mann.
250 ## - EDITION STATEMENT
Edition statement First Scholastic printing, October 2010
260 ## - PUBLICATION, DISTRIBUTION, ETC.
Place of publication, distribution, etc. New York :
Name of publisher, distributor, etc. Atheneum Books for Young Readers,
Date of publication, distribution, etc. 2009
300 ## - PHYSICAL DESCRIPTION
Extent 116 pages :
Other physical details color illustrations ; color maps ;
Dimensions 23x23 cm
505 0# - FORMATTED CONTENTS NOTE
Formatted contents note Z
520 ## - SUMMARY, ETC.
Summary, etc. This study of Native American societies is adapted for younger readers from Charles C. Mann's best-selling 1491. Turning conventional wisdom on its head, the book argues that the people of North and South America lived in enormous cities, raised pyramids hundreds of years before the Egyptians did, engineered corn, and farmed the rainforests.
521 8# - TARGET AUDIENCE NOTE
Target audience note 1080
Source Lexile
521 8# - TARGET AUDIENCE NOTE
Target audience note Z
Source Raz-Plus
650 #0 - SUBJECT ADDED ENTRY--TOPICAL TERM
Topical term or geographic name entry element Indians
General subdivision Origin
Form subdivision Juvenile literature.
650 #0 - SUBJECT ADDED ENTRY--TOPICAL TERM
Topical term or geographic name entry element Indians
General subdivision History
Form subdivision Juvenile literature.
650 #0 - SUBJECT ADDED ENTRY--TOPICAL TERM
Topical term or geographic name entry element Indians
General subdivision Antiquities
Form subdivision Juvenile literature.
650 #1 - SUBJECT ADDED ENTRY--TOPICAL TERM
Topical term or geographic name entry element Indians
General subdivision Origin.
650 #1 - SUBJECT ADDED ENTRY--TOPICAL TERM
Topical term or geographic name entry element Indians
General subdivision History.
650 #1 - SUBJECT ADDED ENTRY--TOPICAL TERM
Topical term or geographic name entry element Indians
General subdivision Antiquities.
906 ## - LOCAL DATA ELEMENT F, LDF (RLIN)
a 7
b cbc
c orignew
d 1
e ecip
f 20
g y-gencatlg
942 ## - ADDED ENTRY ELEMENTS (KOHA)
Source of classification or shelving scheme Dewey Decimal Classification
Koha item type Books
Suppress in OPAC No
999 ## -
-- 2746
-- 2746
Holdings
Withdrawn status Lost status Source of classification or shelving scheme Damaged status Not for loan Collection Home library Current library Shelving location Date acquired Total Checkouts Full call number Barcode Date last seen Price effective from Koha item type
    Dewey Decimal Classification     Non-Fiction Footprints International School Library Network Toul Kork Campus Footprints International School Library Network Toul Kork Campus TTP Secondary Non-Fiction Bookshelves 01/12/2024   CHA 970.01 E61 FISSE00921 01/12/2024 01/12/2024 Books